01325 a2200217 4500003000500000005001700005010001600022020001500038040000900053082001900062245008300081260006400164300003500228505057900263650002300842650003500865700001400900700003000914856008900944856007401033Nust20220811154305.0 a 95009102 a0471956651 cNust00a621.381045,ULT00aUltrafast and ultra-parallel optoelectronics /cedited by T. Sueta, T. Okoshi. aTokyo :bOhmsha ;aChichester ;aNew York :bWiley,cc1995. axiii, 606 p. :bill. ;c25 cm. aFundamentals of Ultra fast and Ultra-Parallel Optoelectronics (Page-1), Basics of Ultrafast Optoelectronic s (Page-51), Nonlinear Optics: Materials, Processes and Applications (Page-107),Functional Photonics Devices and Integration(Page-165), Active Photonic Devices (Page-247), High Speed Device Technologies (Page-301), Optoelectronic Devices for Parallel Processing and Interconnects(Page359),Ultra-High Capacity Optical Communications (Page-421), Digital Optical Computing(Page475), Neural Computing(Page-507), Multi-Dimensional Optical Sensing and Processing(Page-547). 0aPicosecond pulses. 0aTelecommunication Engineering.1 aSueta, T.1 ać«oshi, Takanori,d1932-4 3Publisher descriptionuhttp://www.loc.gov/catdir/enhancements/fy0706/95009102-d.html4 3Table of Contentsuhttp://www.loc.gov/catdir/toc/onix02/95009102.html